=LDR 00000nam 2200000 4500 =001 INLIS000000000005830 =005 20130612094026 =008 ***********************************Ind** =035 ##$$0010-061300000005830 =041 ##$$a Ind =082 ##$$a 005.369 =090 ##$$a 005.369, Adi m =100 ##$$a Adisetio L, Yoyok =245 ##$$a Mengakses DOS dan bios lewat turbo basic, Yoyok Adisetio L =260 ##$$a 1991 $b Yogyakarta =300 ##$$a vi, 215 hlm., Ilsu., 23 cm =650 ##$$a Komputer-DOS